000
00260nam a2200097Ia 4500
001
1162633
005
20250827011647.0
008
250824s9999 xx 000 0 und d
245
0
_a
KENDİ KENDİNİN GARDİYANI OLMA
_c
SANAL KLİNİK
260
_b
DESTEK YAYINLARI
999
_c
1162633
_d
1162633